|
|
|
|
| LEADER |
00000nas a2200000 a 4500 |
| 001 |
ssj0000823069 |
| 003 |
WaSeSS |
| 005 |
20200512172242.0 |
| 006 |
m d |
| 007 |
cr n |
| 008 |
120430c20uu9999ii u| p|s|||||| |0eng d |
| 035 |
|
|
|a (WaSeSS)ssj0000823069
|
| 040 |
|
|
|a WaSeSS
|c WaSeSS
|d WaSeSS
|
| 043 |
|
|
|a a-ii---
|
| 050 |
|
4 |
|a HE8700.9.I5
|
| 245 |
0 |
0 |
|a Indiantelevision.com
|h [electronic resource].
|
| 260 |
|
|
|a New Delhi :
|b Athena Information Solutions
|
| 506 |
|
|
|a License restrictions may limit access.
|
| 588 |
|
|
|a Description based on: June 29, 2009, Gale document number A211975744; title from title screen (COMMUNICATIONS & MASS MEDIA collections , viewed April 24, 2012).
|
| 588 |
|
|
|a Latest issue consulted: Apr. 21, 2012, Gale document number A287180284 (viewed April 24, 2012).
|
| 650 |
|
0 |
|a Television broadcasting
|z India
|v Periodicals.
|
| 655 |
|
0 |
|a Electronic journals.
|
| 856 |
4 |
0 |
|z Full text available from Research Library: 08/11/2009 to present
|u https://search.proquest.com/publication/55070
|